| 000 | 00777nam a22002177a 4500 | ||
|---|---|---|---|
| 008 | 110428r20002010ii|||||r|||| 000 0 eng d | ||
| 020 | _a812390150X | ||
| 020 | _a9788123901503 | ||
| 082 |
_222 _a624 _bMOO |
||
| 100 |
_923473 _aMoondra, H. S. |
||
| 245 |
_aLaboratory Manual for Civil Enginering / _cH. S. Moondra, Rjiva Gupta |
||
| 250 | _a2nd ed. | ||
| 260 |
_aNew Delhi : _bCBS Pub., 2000 _c2000 |
||
| 300 |
_a266 p. : _bill. ; _c24 cm. |
||
| 500 | _anewnonficion2011 | ||
| 504 | _aIncludes bibliographical references | ||
| 650 |
_918143 _aCivil engineering _vHandbooks, manuals, etc. |
||
| 700 |
_923472 _aGupta, Rajiv |
||
| 942 |
_2ddc _cBB |
||
| 999 |
_c15215 _d15215 |
||